It looks like you're offline.
Open Library logo
additional options menu

MARC Record from Library of Congress

Record ID marc_loc_2016/BooksAll.2016.part28.utf8:194056063:1231
Source Library of Congress
Download Link /show-records/marc_loc_2016/BooksAll.2016.part28.utf8:194056063:1231?format=raw

LEADER: 01231cam a22003134a 4500
001 2001007933
003 DLC
005 20021029161527.0
008 011213s2003 mnuab c b 001 0 eng
010 $a 2001007933
020 $a0736813063 (hardcover)
040 $aDLC$cDLC$dDLC
042 $apcc$alcac
050 00 $aGN780.22.G7$bW53 2003
082 00 $a569.9$221
100 1 $aWilcox, Charlotte.
245 10 $aBog mummies :$bpreserved in peat /$cby Charlotte Wilcox.
260 $aMankato, Minn. :$bCapstone High-Interest Books,$cc2003.
300 $a32 p. :$bill. (some col.), col. map ;$c24 cm.
440 0 $aMummies
504 $aIncludes bibliographical references (p. 31) and index.
505 0 $aLindow Moss discoveries -- How bogs form mummies -- Bog mummy secrets revealed -- Bog mummy mysteries.
520 $aDescribes bog mummies, some of the most famous bog mummies and where they have been found, how bog creates mummies, how scientists study them, and what they can teach us about the past.
650 0 $aLindow Man$vJuvenile literature.
650 0 $aBog bodies$vJuvenile literature.
650 1 $aLindow Man.
650 1 $aBog bodies.
650 1 $aHuman remains (Archaeology)
651 1 $aEngland$xAntiquities.